| 000 | 00989nam a22003497a 4500 | ||
|---|---|---|---|
| 001 | 0039538 | ||
| 003 | KOHA_MİRAKIL | ||
| 005 | 20260207003133.0 | ||
| 007 | ta | ||
| 008 | 130220b1992 enka|||gr||||#0|||1|eng | | ||
| 020 | _a0435271733 | ||
| 040 |
_aTR-BiSEU _btur _cTR-BiSEU _erda |
||
| 041 | 0 | _aeng | |
| 044 | _cenk | ||
| 050 |
_aPE1128.L35 _bI54 1992 |
||
| 100 | 1 | _aLaird, Elizabeth. | |
| 245 | 1 | 4 |
_aThe house on the hill/ _cElizabeth Laird ; Elizabeth Laird. |
| 250 | _a2 th ed. | ||
| 264 | 1 |
_aOxford : _bHeinemann _c1992 |
|
| 300 |
_a31 sayfa : _bresimli ; _c20 cm. |
||
| 336 |
_ametin _btxt _2rdacontent |
||
| 337 |
_aaracısız _bn _2rdamedia |
||
| 338 |
_acilt _bnc _2rdacarrier |
||
| 490 | 0 | _a | |
| 650 | 0 |
_aEnglish language--Study and teaching. _940817 |
|
| 650 | 0 |
_aReaders--Level 2. _973484 |
|
| 650 | 0 |
_aİngiliz dili--Çalışma ve öğretim. _931747 |
|
| 650 | 0 |
_aOkuyucular--Seviye 2. _973485 |
|
| 830 | 0 |
_a _91620 |
|
| 907 | _aDil | ||
| 942 |
_2lcc _cBK |
||
| 999 |
_c39417 _d39417 |
||